AH International Schools' Libraries

Picking Teams / (Record no. 47680)

MARC details
000 -LEADER
fixed length control field 00298nam a2200109 4500
020 ## - INTERNATIONAL STANDARD BOOK NUMBER
International Standard Book Number 0721419003
100 ## - MAIN ENTRY--PERSONAL NAME
Personal name Pearce, Colin,
Relator term author.
9 (RLIN) 85532
245 ## - TITLE STATEMENT
Title Picking Teams /
Statement of responsibility, etc by Colin Pearce, illustrated by Michael Charlton.
260 ## - PUBLICATION, DISTRIBUTION, ETC. (IMPRINT)
Place of publication, distribution, etc London:
Name of publisher, distributor, etc Ladybird;
300 ## - PHYSICAL DESCRIPTION
Extent unpaged.
942 ## - ADDED ENTRY ELEMENTS (KOHA)
Source of classification or shelving scheme
Koha item type Book
Holdings
Withdrawn status Lost status Source of classification or shelving scheme Damaged status Not for loan Home library Current library Date acquired Total Checkouts Full call number Barcode Checked out Date last seen Date checked out Price effective from Koha item type Public note
          Logos International School Logos International School 10/28/2024 3 X PEA 040130 04/17/2026 04/09/2026 04/09/2026 10/28/2024 Book Basket 33

For any Logos Library related questions please contact Miss Art at swongnarasuk@asianhope.org.

For any Asian Hope Library related questions please contact Miss Raza at graza@asianhope.org.

Click here to explore our ebooks!

Powered by Koha